Movies Quiz

Random Movies or Actor Quiz

12 Angry Men Casts Quiz Stats

 Plays Quiz Updated Mar 27, 2020

     
Support Sporcle.
Go Orange.
Score 0/26 Timer 06:00
1 Play Today
Character Actor % Correct
1957 FilmHenry Fonda
89.4%
1957 FilmLee J Cobb
50%
1957 FilmJack Klugman
45.3%
1997 FilmJack Lemmon
40.3%
1957 FilmSidney Lumet
37.8%
1957 FilmMartin Balsam
31.5%
1957 FilmEd Begley Sr.
31.5%
1997 FilmGeorge C. Scott
29.8%
1957 FilmJack Warden
28.8%
1957 FilmE G Marshall
27.8%
1997 FilmTony Danza
27.6%
1957 FilmJohn Fiedler
21.2%
1997 FilmJames Gandolfini
18%
Character Actor % Correct
1957 FilmRobert Webber
16.8%
1997 FilmOssie Davis
16.5%
1957 FilmEdward Binns
15.5%
1997 FilmEdward James Olmos
15.1%
1997 FilmCourtney B. Vance
14.4%
1957 FilmJoseph Sweeney
14.3%
1997 FilmWilliam Petersen
14.2%
1997 FilmMykelti Williamson
14.1%
1997 FilmHume Cronyn
13%
1957 FilmGeorge Voskovec
12%
1997 FilmWilliam Friedkin
11.6%
1997 FilmArmin Mueller-Stahl
10.4%
1997 FilmDorian Harewood
9.9%

From the Vault

Movie Posters XII

by SporcleEXP

Movies 6m
Thankfully we still have fewer poster quizzes than there are Bond movies.
Remove Ads.
Support Sporcle.
Get the best of Sporcle when you Go Orange. This ad-free experience offers more features, more stats, and more fun while also helping to support Sporcle. Thank you for becoming a member.

Show Comments

Extras

Top Quizzes Today


Score Distribution

Your Account Isn't Verified!

In order to create a playlist on Sporcle, you need to verify the email address you used during registration. Go to your Sporcle Settings to finish the process.

Report this User

Report this user for behavior that violates our Community Guidelines.

Details: